Essentials of Financial Accounting: Information for Business Decisions. (Record no. 1578)
[ view plain ]
| 005 - DATE AND TIME OF LATEST TRANSACTION | |
|---|---|
| control field | 20250417172356.0 |
| 020 ## - INTERNATIONAL STANDARD BOOK NUMBER | |
| International Standard Book Number | 0-256-20916-2 |
| 082 ## - DEWEY DECIMAL CLASSIFICATION NUMBER | |
| Classification number | 657.48 LAR |
| 100 ## - MAIN ENTRY--PERSONAL NAME | |
| Author name | LARSON, K. D. |
| 245 ## - TITLE STATEMENT | |
| Title | Essentials of Financial Accounting: Information for Business Decisions. |
| 250 ## - EDITION STATEMENT | |
| Edition statement | 7th Ed |
| 260 ## - PUBLICATION, DISTRIBUTION, ETC. | |
| Place of publication, distribution, etc. | New York, |
| Name of publisher, distributor, etc. | Irwin McGraw- Hill, |
| Date of publication, distribution, etc. | 1997. |
| 300 ## - PHYSICAL DESCRIPTION | |
| Extent | Xxii, 744p.: ill.; figure& picture |
| Other physical details | Index |
| Dimensions | 27cm. |
| 942 ## - ADDED ENTRY ELEMENTS (KOHA) | |
| Source of classification or shelving scheme | Dewey Decimal Classification |
| Koha item type | Books |
| Date last seen | Total checkouts | Full call number | Barcode | Cost, replacement price | Price effective from | Koha item type | Lost status | Source of classification or shelving scheme | Damaged status | Not for loan | Withdrawn status | Home library | Current library | Shelving location | Date acquired | Cost, normal purchase price |
|---|---|---|---|---|---|---|---|---|---|---|---|---|---|---|---|---|
| 04/17/2025 | 657.48 LAR | 0000006040 | 45000.00 | 04/17/2025 | Books | Dewey Decimal Classification | College of Business Education Main Library | College of Business Education Main Library | General Collection | 04/17/2025 | 15000.00 | |||||
| 04/17/2025 | 657.48 LAR | 0000006041 | 45000.00 | 04/17/2025 | Books | Dewey Decimal Classification | College of Business Education Main Library | College of Business Education Main Library | General Collection | 04/17/2025 | 15000.00 | |||||
| 04/17/2025 | 657.48 LAR | 0000006042 | 45000.00 | 04/17/2025 | Books | Dewey Decimal Classification | College of Business Education Main Library | College of Business Education Main Library | General Collection | 04/17/2025 | 15000.00 | |||||
| 04/17/2025 | 657.48 LAR | 0000006043 | 45000.00 | 04/17/2025 | Books | Dewey Decimal Classification | College of Business Education Main Library | College of Business Education Main Library | General Collection | 04/17/2025 | 15000.00 | |||||
| 04/17/2025 | 657.48 LAR | 0000006044 | 45000.00 | 04/17/2025 | Books | Dewey Decimal Classification | College of Business Education Main Library | College of Business Education Main Library | General Collection | 04/17/2025 | 15000.00 |
